Catálogo

Handbook of design and analysis of experiments / (Registro nro. 68556)

Detalles MARC
000 -LEADER
fixed length control field 01134atm a2200301 i 4500
001 - CONTROL NUMBER
control field 68556
003 - CONTROL NUMBER IDENTIFIER
control field Mx-PuUPA
005 - DATE AND TIME OF LATEST TRANSACTION
control field 20220302080831.0
008 - FIXED-LENGTH DATA ELEMENTS--GENERAL INFORMATION
fixed length control field 200122s2015 flua||||r|||| 00| 0 eng d
020 ## - INTERNATIONAL STANDARD BOOK NUMBER
International Standard Book Number 9781466504332
040 ## - CATALOGING SOURCE
Original cataloging agency Mx-PuUPA
Language of cataloging spa
Transcribing agency Mx-PuUPA
Modifying agency Mx-PuUPA
Description conventions rda
041 0# - LANGUAGE CODE
Language code of text/sound track or separate title eng
245 00 - TITLE STATEMENT
Title Handbook of design and analysis of experiments /
Statement of responsibility, etc. editado por Angela Dean [y otros tres]
264 #1 - PRODUCTION, PUBLICATION, DISTRIBUTION, MANUFACTURE, AND COPYRIGHT NOTICE
Place of production, publication, distribution, manufacture Boca Ratón, FL :
Name of producer, publisher, distributor, manufacturer CRC Press,
Date of production, publication, distribution, manufacture, or copyright notice ©2015
300 ## - PHYSICAL DESCRIPTION
Extent xix, 940 páginas :
Other physical details ilustraciones ;
Dimensions 26 cm
336 ## - CONTENT TYPE
Fuente rdacontent
Content type term texto
Content type code txt
337 ## - MEDIA TYPE
Source rdamedia
Media type term sin medio
Media type code n
338 ## - CARRIER TYPE
Source rdacarrier
Carrier type term volumen
Carrier type code nc
490 1# - SERIES STATEMENT
Series statement Chapman & Hall/CRC. Handbooks of Modern Statistical Methods
650 #4 - SUBJECT ADDED ENTRY--TOPICAL TERM
Topical term or geographic name entry element Diseño experimental
Form subdivision Manuales, etc.
650 #4 - SUBJECT ADDED ENTRY--TOPICAL TERM
Topical term or geographic name entry element Diseño experimental
700 1# - ADDED ENTRY--PERSONAL NAME
Personal name Dean, Angela,
Relator term editor
800 1# - SERIES ADDED ENTRY--PERSONAL NAME
Personal name Fitzmaurice, Garrett,
Relator term editor
Title of a work Chapman & Hall/CRC. Handbooks of Modern Statistical Methods
942 ## - ADDED ENTRY ELEMENTS (KOHA)
Source of classification or shelving scheme Dewey Decimal Classification
Koha item type Libro
Classification part 519.57
Item part H233
Existencias
Withdrawn status Lost status Source of classification or shelving scheme Damaged status Not for loan Collection code Home library Current library Shelving location Date acquired Source of acquisition Cost, normal purchase price Total Checkouts Full call number Barcode Date last seen Copy number Cost, replacement price Price effective from Koha item type
    Dewey Decimal Classification     General Biblioteca Karol Wojtyla Biblioteca Karol Wojtyla Sala general 06/08/2024 2 2884.00   519.57 H233 2015 100754 05/01/2026 Ej.2 2884.00 06/08/2024 Reserva permanente
    Dewey Decimal Classification     General Biblioteca Karol Wojtyla Biblioteca Karol Wojtyla Sala general 06/08/2024 2 2884.00   519.57 H233 2015 100753 05/01/2026   2884.00 06/08/2024 Reserva permanente